Statystyki dla Strzelcy bramek w 2 kolejce fazy grupowej LM w sezonie 20/21

Kliknij tutaj aby rozwiązać quiz!

Ogólne statystyki

  • Ten quiz został rozwiązany 23 razy
  • Średni wynik to 21 z 45

Statystyki odpowiedzi

MeczPiłkarz% Poprawnych
Juventus - Barcelona 0:2Messi
90%
Monchengladbach - Real Madryt 2:1Benzema
80%
Manchester United - RB Lipsk 5:0Rashford
80%
Manchester United - RB Lipsk 3:0Rashford
80%
Manchester United - RB Lipsk 2:0Rashford
80%
Juventus - Barcelona 0:1Dembele
75%
Krasnodar - Chelsea 0:2Werner
75%
Liverpool - Midtjylland 2:0Salah
70%
Olympique Marsylia - Manchester City 0:3Sterling
70%
Monchengladbach - Real Madryt 2:0Thuram
65%
Monchengladbach - Real Madryt 1:0Thuram
65%
Krasnodar - Chelsea 0:3Ziyech
65%
Monchengladbach - Real Madryt 2:2Casemiro
60%
Dortmund - Zenit 2:0Haaland
60%
Lokomotiv - Bayern 0:1Goretzka
55%
Manchester United - RB Lipsk 1:0Greenwood
55%
Manchester United - RB Lipsk 4:0Martial
55%
Dortmund - Zenit 1:0Sancho
55%
Atalanta - Ajax 0:1Tadic
55%
Olympique Marsylia - Manchester City 0:2Gundogan
50%
Liverpool - Midtjylland 1:0Jota
50%
Lokomotiv - Bayern 1:2Kimmich
50%
Krasnodar - Chelsea 0:4Pulisic
50%
Atletico Madryt - Salzburg 3:2Felix
45%
Atletico Madryt - Salzburg 2:2Felix
45%
Basaksehir - PSG 0:1Kean
45%
Basaksehir - PSG 0:2Kean
45%
Atalanta - Ajax 1:2Zapata
45%
Atalanta - Ajax 2:2Zapata
45%
Brugge - Lazio 0:1Correa
40%
Sevilla - Rennes 1:0de Jong
40%
Olympique Marsylia - Manchester City 0:1Torres
35%
Atletico Madryt - Salzburg 1:2 (bramka samobójcza)Felipe
25%
Atletico Madryt - Salzburg 1:0Llorente
25%
Ferencvaros - Dynamo Kijów 0:1Tsygankov
25%
Krasnodar - Chelsea 0:1Hudson-Odoi
20%
Lokomotiv - Bayern 1:1Miranchuk
20%
Atletico Madryt - Salzburg 1:1Szoboszlai
20%
Atalanta - Ajax 0:2Traore
15%
Brugge - Lazio 1:1Vanaken
15%
Porto - Olympiakos 2:0Oliveira
5%
Porto - Olympiakos 1:0Vieira
5%
Ferencvaros - Dynamo Kijów 2:2Boli
0%
Ferencvaros - Dynamo Kijów 0:2De Pena
0%
Ferencvaros - Dynamo Kijów 1:2Nguen
0%

Rozkład punktacji

Percentyl według liczby udzielonych odpowiedzi

Procent ludzi z każdym wynikiem

Twoja historia wyników

Nie rozwiązałeś tego quizu